Swamy's handbook 2015: For central government staff (Record no. 43165)

MARC details
000 -LEADER
fixed length control field 00328nam a2200121Ia 4500
082 ## - DEWEY DECIMAL CLASSIFICATION NUMBER
Classification number 331.1(35)2015
Item number MUT
100 ## - MAIN ENTRY--AUTHOR NAME
Personal name BRINDA
245 #0 - TITLE STATEMENT
Title Swamy's handbook 2015: For central government staff
260 ## - PUBLICATION, DISTRIBUTION, ETC. (IMPRINT)
Place of publication Chennai
Name of publisher Swamy Publishers
Year of publication 2015
700 ## - ADDED ENTRY--PERSONAL NAME
Personal name MUTHUSWAMY
942 ## - ADDED ENTRY ELEMENTS (KOHA)
Koha item type Books
Holdings
Withdrawn status Lost status Damaged status Not for loan Home library Current library Date acquired Cost, normal purchase price Full call number Accession Number Koha item type
        RRII Library RRII Library 16/12/2021 290.00 331.1(35)2015 MUT 23431 Books